Loading...
| History - European | 0 | 2 | 0 | 1 | 20 | 114 | 114.50 | 0 | 0 | 0.92 | 4.55 |
| History - World | 0 | 2 | 1 | 2 | 15 | 93 | 116.50 | 0 | 1 | 2.59 | 8.18 |
| History - Other | 0 | 1 | 0 | 0 | 10 | 36 | 36.00 | 1 | 1 | 6.41 | 9.09 |
| Fine Arts - Painting and Sculpture | 0 | 1 | 0 | 0 | 10 | 73 | 73.00 | 0 | 1 | 3.95 | 7.58 |
| History - American | 0 | 1 | 0 | 0 | 10 | 121 | 121.00 | 0 | 1 | 0.69 | 4.55 |
| Popular Culture | 0 | 1 | 0 | 0 | 10 | 30 | 30.00 | 0 | 1 | 19.32 | 16.67 |
| Science - Chemistry | 0 | 1 | 0 | 0 | 10 | 95 | 95.00 | 0 | 0 | 0.54 | 3.03 |
| Social Science | 0 | 1 | 1 | 0 | 5 | 47 | 47.00 | 1 | 1 | 5.17 | 9.09 |
| Literature - British | 0 | 0 | 1 | 0 | -5 | 0.00 | 0 | 0 | 0.00 | 0.00 |